El origen del fuego /

Acerca de poseer, cuidar, obtener y compartir o no el fuego giran estas historias que los pueblos se contaron de abuelos a nietos, de padres a hijos, y hoy recogimos en estas páginas.

Guardado en:
Autor Principal: Mainé, Margarita.
Otros Autores: Barreiro, Héctor., Verona, Chachi; il.
Formato: Libro
Idioma:Undetermined
Publicado: Buenos Aires : Sudamericana, 2001.
Series:Cuentamérica
Materias:
Etiquetas: Agregar Etiqueta
Sin Etiquetas, Sea el primero en etiquetar este registro!
LEADER 01152nam a22002295a 4500
001 CEM.cems021277
008 240704s2001####ag############000#0#und#d
005 20240704170535.0
245 1 0 |a El origen del fuego /  |c Margarita Mainé y Héctor Barreiro ; ilustrado por Chachi Verona. 
260 |a Buenos Aires :  |b Sudamericana,  |c 2001. 
300 |a 64 p. 
490 1 |a Cuentamérica 
500 |a Edad sugerida: 10 años. 
505 0 |a Para acercarnos -- El regalo del cuis -- Las tres puertas -- El dios Monan -- Nanderyquey y el sapo -- La cola del colibrí -- El fuego de las luciérnagas -- El fuego de la luna -- Los animales y el fuego -- La cueva del caimán -- El chaltén -- ¿Dónde encontramos estas historias? 
520 |a Acerca de poseer, cuidar, obtener y compartir o no el fuego giran estas historias que los pueblos se contaron de abuelos a nietos, de padres a hijos, y hoy recogimos en estas páginas. 
020 |a 9500720205 
100 1 |a Mainé, Margarita. 
700 1 |a Barreiro, Héctor. 
700 1 |a Verona, Chachi; il. 
653 |a Mitos 
653 |a Leyendas 
859 |a CEMS  |b BIB. CEMS - Inicial y Primaria  |h 398.2  |i M284  |k IP  |p 2217  |t Ej.1